| 000 | 00975nas a2200277 4500 | ||
|---|---|---|---|
| 001 | BR2012004816 | ||
| 003 | BR-BrBNA | ||
| 005 | 20231205120803.0 | ||
| 007 | ta | ||
| 008 | 230509b bl.|||p| |||| 00| 00por d | ||
| 040 |
_aBR-BrBNA _bpor _cBiblioteca Nacional de Agricultura |
||
| 041 | _a(Pt) | ||
| 072 | _aF30 | ||
| 100 | 1 | _aGottardi, F.P. | |
| 100 | 1 | _aBarretto, L.S.S. | |
| 100 | 1 | _aGonçalves, F.S. | |
| 100 | 1 | _aPerri, S.H.V. | |
| 100 | 1 | _aMingoti, G.Z. | |
| 245 | 1 | _aEfeito das células do cumulus e cisteamina durante o cultivo de maturação in vitro de oócitos bovinos sobre a maturação nuclear e aquisição da competência para desenvolvimento embrionário | |
| 650 | _aBOVINO | ||
| 650 | _aMATURAÇÃO | ||
| 650 | _aEMBRIOGENESE | ||
| 773 | 0 |
_tArquivo Brasileiro de Medicina Veterinária e Zootecnia (Brazil) _xISSN 0102-0935 _g(Apr 2012), v. 64(2) p. 245-252 _wBR2012004816 |
|
| 909 |
_a202311 _bLúcia _c55 _dLúcia Elande |
||
| 942 |
_2AGRIS _n0 _cANA |
||
| 999 |
_c220316 _d220316 |
||